00768nam a2200157 a 450000100100000000500170001000800410002704000250006810000550009324501820014826000540033030000200038404900090040495201800041399900170059300003290620240229073830.0110801s1902 dr 000 0 spa d aDO-SdBNPbspacBNPHU1 aHenríquez i Carvajal, Federico,d1848-19529779210aInforme del ministro plenipotenciario presidente de la delegación dominicana en la segunda Conferencia Internacional Américana, 1901-1902 /cFederico Henríquez y Carvajal. aSanto Domingo :bImp. de García Hermano,c1902. a32 p. ;c24 cm. aBNPD 0010718PDaPDbPDcCTd2011-08-01iLF1l0o p32906-10r2020-06-25w2020-06-25yLFPDzPerteneció a la biblioteca personal de Federico Henríquez y Carvajal.ZNo se presta c32397d32397